Dôchodkový systém v SR, prístupy k financovaniu
Zmena priebežne financovaného dôchodkového systému a zavedenie nového, príspevkovo definovaného systému starobného dôchodkového sporenia do povinného dôchodkového systému. Priebežný spôsob financovania označovaný skratkou PAYG. Kapitalizačný spôsob financovania. Kombinovaný spôsob financovania. Tri...
Salvato in:
| Autore principale: | |
|---|---|
| Altri autori: | |
| Natura: | Capitolo di libro |
| Lingua: | slovacco |
| Soggetti: | |
| Tags: |
Nessun Tag, puoi essere il primo ad aggiungerne!!
|
MARC
| LEADER | 00000naa$a2200000$$$4500 | ||
|---|---|---|---|
| 001 | 0081920 | ||
| 005 | 20240502071923.9 | ||
| 041 | 0 | |a slo | |
| 044 | |a SK | ||
| 245 | 1 | 0 | |a Dôchodkový systém v SR, prístupy k financovaniu |c Eva Rievajová, Eva Pongráczová |
| 520 | |a Zmena priebežne financovaného dôchodkového systému a zavedenie nového, príspevkovo definovaného systému starobného dôchodkového sporenia do povinného dôchodkového systému. Priebežný spôsob financovania označovaný skratkou PAYG. Kapitalizačný spôsob financovania. Kombinovaný spôsob financovania. Tri piliere: 1. pilier - povinný, solidárny. 2. pilier - dôchodkové sporenie, povinný kapitalizačný pilier. 3. pilier - dobrovoľný. Finančné problémy dôchodkového systému. Dve fázy reformy dôchodkového systému. | ||
| 610 | 2 | 0 | |a financovanie |
| 610 | 2 | 0 | |a financie |
| 610 | 2 | 0 | |a systémy dôchodkové |
| 610 | 2 | 0 | |a reformy dôchodkové |
| 610 | 2 | 0 | |a sporenie dôchodkové doplnkové |
| 610 | 2 | 0 | |a Slovensko |
| 100 | 1 | |a Rievajová, Eva | |
| 700 | 1 | |a Pongráczová, Eva, 1971- | |